Social Security Trust Fund Investments : Policies and Practices.

Subcom on Social Security staff report, prepared with the assistance of Nancy Miller (CRS), providing background on and analyzing the appropriateness of current social security trust fund investment management policies and practices relating to interest rate formulas, investment strategies, and rede...

Full description

Bibliographic Details
Corporate Authors: Library of Congress. Congressional Research Service, ProQuest (Firm)
Format: Government Document eBook
Language:English
Published: [Place of publication not identified] : [publisher not identified], 1981.
Series:U.S. Congressional Research.
Subjects:
Online Access:Connect to the full text of this electronic book

MARC

Tag First Indicator Second Indicator Subfields
LEADER 00000cam a22000001a 4500
001 in00003373549
006 m d f
007 cr bn mmmapmmp
008 100612s1981 dcu o f000 0 eng d
005 20260429193348.5
035 |a cis2007877805 
040 |a ProQuest  |c ProQuest  |d UtOrBLW 
043 |a n-us--- 
086 0 |a Y 4.W 36:W M C P 97-19 
099 |a CRS-1981-CRS-0009 
110 2 |a Library of Congress.  |b Congressional Research Service. 
245 1 0 |a Social Security Trust Fund Investments :  |b Policies and Practices. 
264 1 |a [Place of publication not identified] :  |b [publisher not identified],  |c 1981. 
300 |a 1 online resource. 
336 |a text  |b txt  |2 rdacontent 
337 |a computer  |b c  |2 rdamedia 
338 |a online resource  |b cr  |2 rdacarrier 
500 |a Record is based on bibliographic data in ProQuest U.S. Congressional Research Digital Collection (last viewed June 2010). Reuse except for individual research requires license from ProQuest, LLC. 
500 |a CRS Report. 
520 |a Subcom on Social Security staff report, prepared with the assistance of Nancy Miller (CRS), providing background on and analyzing the appropriateness of current social security trust fund investment management policies and practices relating to interest rate formulas, investment strategies, and redemption procedures. 
520 |a Includes tables (p. 10-14, 17) showing trust fund investments and yields. 
500 |a Electronic resource. 
610 2 0 |a Library of Congress.  |b Congressional Research Service. 
650 0 |a Investments. 
650 0 |a Social security. 
655 7 |a Electronic books.  |2 local 
710 2 |a ProQuest (Firm) 
776 0 8 |i Microfiche version:   |a Library of Congress. Congressional Research Service.  |t Social Security Trust Fund Investments:.  |o 81-H782-38 
830 0 |a U.S. Congressional Research. 
856 4 0 |u http://proxy.library.tamu.edu/login?url=https://congressional.proquest.com/congcomp/getdoc?CRDC-ID=CRS-1981-CRS-0009  |z Connect to the full text of this electronic book  |t 0 
999 |a MARS 
999 f f |s 362693f6-86dc-3dc3-8f71-7e8dae073631  |i 232fd16f-4267-38d6-a3e7-e7427e905715  |t 0 
952 f f |a Texas A&M University  |b College Station  |c Electronic Resources  |s www_evans  |d Available Online  |t 0  |e CRS-1981-CRS-0009  |h Other scheme 
998 f f |a CRS-1981-CRS-0009  |t 0  |l Available Online